[Event "42nd Olympiad"]
[Site "Baku"]
[Date "2016.09.10"]
[Round "8.1"]
[White "Jobava, Baadur"]
[Black "Ponomariov, Ruslan"]
[Result "1-0"]
[WhiteElo "2665"]
[BlackElo "2709"]
[Annotator "John Upper"]
[PlyCount "41"]
[EventDate "2016.09.02"]
[EventType "team-swiss"]
[EventRounds "11"]
[EventCountry "AZE"]
[SourceTitle "Chess Canada 2016Olympia"]
[Source "CFC"]
[SourceDate "2016.12.01"]
[WhiteTeam "Georgia"]
[BlackTeam "Ukraine"]
[WhiteTeamCountry "GEO"]
[BlackTeamCountry "UKR"]

1. d4 Nf6 {Georgia's Baadur Jobava won the gold medal on board 1, scoring 8/10
with a 2926 TPR. Here is his most spectacular win, coming from his
harmless-looking pet opening.} 2. Nc3 d5 3. Bf4 {[#] The Jobava System (?)
It's a Veresov with Bf4 instead of Bg5. One point is that the crude Nb5 can
leave Black's pieces misplaced after responding to the attack on c7.} c5 ({
Jobava's round 4 game at the Baku Olympiad against a former FIDE World
Champion continued:} 3... e6 4. Nb5 (4. e3 Bb4 5. Nge2 O-O 6. a3 Bd6 7. g3 b6
8. Bg2 Bb7 $11 {Jobava,B (2727)-Caruana,F (2820) Wijk aan Zee, 2015.}) 4... Na6
(4... Bb4+ 5. c3 Ba5 6. a4 a6 7. b4 $13 {(1-0, 48) Jobava,B (2669)-Gelfand,B 
(2734) Almaty, 2016.}) 5. a3 c6 6. Nc3 Bd6 7. e3 Nc7 8. Nf3 Bxf4 9. exf4 Qd6
10. Ne5 b6 11. Qf3 c5 12. Nb5 Nxb5 13. Bxb5+ Bd7 14. Nxd7 Nxd7 15. O-O-O O-O
16. Bxd7 Qxd7 17. f5 $1 $36 {White had some pressure on Black's center pawns,
and eventually won, Jobava,B (2665)-Topalov,V (2768) Baku, 2016 (1-0, 42).}) 4.
e3 cxd4 5. exd4 a6 (5... e6 $6 6. Nb5 $1 {Again, this move.} Na6 7. c3 Be7 8.
Nf3 O-O 9. Bd3 (9. h3 $14) 9... Bd7 10. a4 Bxb5 11. axb5 $1 Nc7 12. O-O Bd6 13.
Ne5 Ne4 14. f3 $16 {White has the Bishop pair and Black's Ns have nowhere to
go; (1-0, 61) Jobava,B (2669)-Kovalenko,I (2668) Almaty, 2016.}) 6. Bd3 Nc6 7.
Nge2 {[#]} e6 (7... Bg4 8. f3 Bh5 9. h4 e6 10. g4 Bg6 11. h5 Bxd3 12. Qxd3 {
[#] The position resembles a Caro-Kann. Jobava has had this position three
times against very strong GMs, though two of the games were blitz.} h6 (12...
Bd6 13. O-O-O Qc7 14. Qe3 h6 15. Kb1 O-O-O 16. Bxd6 Qxd6 $14 {White has more
space and it will take Black time to create play on the c-file.} 17. Nc1 Kb8
18. Nd3 Nd7 19. Ne2 Ka8 20. f4 f6 21. g5 Nb6 22. b3 Nd7 23. gxf6 Nxf6 24. Ne5
Rc8 25. Nf7 Qa3 $8 26. Nxh8 $4 Nb4 27. Nc3 Ne4 {0-1 Jobava,B (2669)
-Nepomniachtchi,I (2719) Almaty (blitz) 2016}) 13. O-O-O Rc8 14. Kb1 b5 (14...
Be7 15. Bc1 Qa5 16. Qe3 b5 $132 {Jobava,B (2669)-Grischuk,A (2747) Almaty 
(blitz), 2016.}) 15. Nc1 Na5 16. b3 $6 Nc6 (16... Qb6 $5 {/\...Nc4}) 17. Qe3
Nb4 18. Rd2 Be7 19. N3e2 Qb6 20. c3 Nc6 21. Nd3 $13 {Jobava,B (2669)
-Mchedlishvili,M (2604) Izmir, 2016 (½-½, 58).}) 8. Qd2 b5 9. O-O Be7 10. a3
Bd7 11. h3 O-O 12. Rfe1 Na5 13. Rad1 Qb6 14. Ng3 Rfc8 {[#] Natural and
ambitious, but Jobava's play refutes this.} (14... Rfe8 $142) 15. Nf5 $1 {
The beginning of a model attack.  White has four pieces which are ready to
attack the dark squares around Black's K (Nf5, Bf4, Q, and the R(s) which can
lift to the g-file). Black has only two pieces (Be7 and Pg7) defending the
dark squares around his K, so White sacrifices to eliminate both. A key point
in many lines is the poor placement of the Black Q, which not only doesn't
help defend along the sixth rank, but is actually exposed to attack across it.}
exf5 (15... Bf8 16. Nh6+ $3 gxh6 17. Bxh6 {Analysis Diagram[#] Black can't
defend his dark squares:} Qd8 (17... Ne4 $2 18. Nxe4 dxe4 19. Qg5+ Kh8 20. Bxf8
Rxf8 21. Qf6+ Kg8 22. Rxe4 $18) (17... Bxh6 18. Qxh6 Rxc3 19. Re5 $18) (17...
Nh5 18. Bxf8 $8 Kxf8 19. Qh6+ Ng7 20. Nxd5 $1 Qc6 21. Nf6 $18) 18. Qg5+ Kh8 19.
Bxf8 Qxf8 20. Qxf6+ $18 {White's up a pawn with an attack.}) 16. Rxe7 Be6 $6 {
[#] Black plays to trap the Re7.} (16... Qd8 $142 17. Re5 $14 {White might
have to give up the B pair, but Black will remain weak on the dark squares; e.
g.} Ne4 (17... Nc4 $2 18. Bxc4 dxc4 19. Bg5 $16) 18. Qe1 (18. Bxe4 dxe4 19. Rc5
$14) 18... Nxc3 19. bxc3 Be6 20. Rxe6 $1 $36) 17. Bh6 $3 {Just like Alekhine,
who frequently conjured attacks by putting pieces on squares where they could
be taken by pawns only at the cost of fatally weakening the squares around
them; e.g. 23.Bf6!! in Alekhine-Sterk (1921), which also exploited an
undefended black Q on the other side of the board.} gxh6 (17... Qd8 18. Bxg7 $8
Qxe7 19. Qg5 $18) (17... Ne8 18. Qg5 g6 19. Rxe8+ Rxe8 20. Qf6 $18 {Black
can't defend his dark squares.}) (17... Nh5 $1 18. Qg5 g6 $2 (18... Nc6 $1 19.
Rxe6 fxe6 20. Be2 $1 $40) 19. g4 fxg4 20. hxg4 f6 (20... Ng7 21. Qf6 $18 {
Black can't defend his dark squares.}) 21. Qh4 {and takes on h5 next.} (21.
Nxd5 $18 {also wins})) 18. Qxh6 Rxc3 19. Qg5+ Kf8 20. Qxf6 {[#]} Rxd3 (20...
Rc7 21. Bxf5 $1 Rxe7 22. Qh8#) 21. cxd3 (21. cxd3 Rb8 22. Re1 {there's no
defence to R1xe6.}) (21. cxd3 Qd8 22. Re1 $1 Qxe7 23. Qh8#) 1-0

[Event "42nd Olympiad"]
[Site "Baku"]
[Date "2016.09.13"]
[Round "11.1"]
[White "Kramnik, Vladimir"]
[Black "Vocaturo, Daniele"]
[Result "1-0"]
[WhiteElo "2808"]
[BlackElo "2583"]
[Annotator "John Upper"]
[PlyCount "81"]
[EventDate "2016.09.02"]
[EventType "team-swiss"]
[EventRounds "11"]
[EventCountry "AZE"]
[SourceTitle "Chess Canada 2016Olympia"]
[Source "CFC"]
[SourceDate "2016.12.01"]
[WhiteTeam "Russia"]
[BlackTeam "Italy"]
[WhiteTeamCountry "RUS"]
[BlackTeamCountry "ITA"]

1. d4 Nf6 {This is a scary game for KID players. Kramnik plays a
non-theoretical line where Black is supposed to be OK. Black plays perfectly
natural moves, when Kramnik suddenly gives up two minors for a R and pawn! He
later gives an exchange for a pawn, and Black's pieces have so little space
that they can't stop White from promoting his queenside passers. It's almost
enough to make you think Black shouldn't concede so much space by playing the
KID.} 2. Nf3 g6 3. g3 Bg7 4. Bg2 O-O 5. O-O d6 6. b3 e5 7. dxe5 {[#]} dxe5 (
7... Nfd7 $6 {Used to be considered good enough to equalize, but White gets an
advantage with precise play:} 8. Bg5 $1 Qe8 9. Nc3 h6 10. Nd5 hxg5 11. Nxc7 Qd8
12. Qxd6 $1 g4 13. e6 $8 Na6 14. Nxa8 gxf3 15. e7 $1 Qa5 16. exf8=Q+ Bxf8 17.
Qf4 fxg2 18. Kxg2 {"and Black is busted." - Dembo, "Fighting the Anti-King's
Indians" (Everyman, 2008).} (18. Rfd1 $142 $1 $16 {SF8})) 8. Ba3 (8. Bb2 e4 9.
Qxd8 Rxd8 10. Ng5 Bf5 $15 {(0-1, 58) Fuster,G-Gligoric,S Portoroz, 1958.}) (8.
Nxe5 $5 {looks nuts, but after} Ng4 9. Nxg4 Bxa1 10. Ne3 {Stockfish 8 rates
the position 0.00!? For example:} Qxd1 11. Rxd1 Bf6 12. Nd5 Bd8 13. Bg5 $1 $44)
8... Qxd1 9. Rxd1 Re8 10. c4 (10. Nc3 a6 11. e4 Nc6 12. Nd5 Nxd5 $1 13. exd5 e4
14. dxc6 Bxa1 15. Ng5 Bg7 16. Bxe4 bxc6 $2 (16... b5 $142 $13) 17. Bxc6 Bg4 18.
f3 Bf5 19. Bxa8 Rxa8 20. Ne4 $16 {(1-0, 31) Kramnik,V (2777)-Vovk,Y (2617)
Berlin (blitz), 2015.}) 10... e4 11. Nd4 c6 12. Nc3 Na6 13. e3 Bg4 14. Rd2 Rad8
15. h3 Bc8 16. Rad1 h5 {[#] White's pieces are as well placed as they're going
to get, but how can he turn that into something when Black is so solid?} 17.
Be7 $5 {Theatening the Rd8 and to take on f6 then on e4, so Black's next is
forced.} Rxd4 $1 (17... Rxe7 $2 18. Nxc6 $18 {with the intermediate check on
e7.}) 18. Rxd4 Rxe7 19. Rd8+ Ne8 ({It's hard to know if trading a pair of Rs
helps Black, but in the game, Black's R doesn't get a whiff of activity.} 19...
Re8 20. Rxe8+ Nxe8 21. Rd8 Kf8 22. Nxe4 Be6 23. Nd6 Ke7 24. Nxb7 {is also
better for White.}) 20. Nxe4 (20. Rxc8 $2 Bxc3 $15) 20... Be6 21. Ra8 Be5 22.
Rdd8 Kf8 {[#]} 23. Rxa7 ({One line, not forced, which shows Black's
difficulties:} 23. Ng5 Bc7 24. Nxe6+ fxe6 25. Rdc8 Bb6 26. Be4 Nac7 27. Bxg6
Nxa8 28. Rxa8 {and Black can't get out of the pin on the N.}) 23... Bc7 24.
Rda8 $1 (24. Rd2 Bb8 {and White will have to give the exchange when his second
R is less active on d2.}) 24... Bb6 25. Rxa6 bxa6 26. Nf6 {[#] White has given
back the exchange to win a pawn, and now has two pawns for the B, but he also
has a terrible bind on Black. Right now he threatens Bxc6, winning the Ne8.}
Bd7 27. b4 c5 28. Nd5 Bc6 (28... Re6 29. Rb8 Ba7 30. Rb7 $18) 29. Rxa6 $1 (29.
Nxb6 $2 Bxa8 30. Bxa8 cxb4 $19) 29... Bxd5 $8 30. Bxd5 (30. cxd5 $2 Ba7 31. b5
Bb8 {and Black might survive.}) 30... Bd8 31. b5 $1 {[#]Black's pieces are as
nimble as overfed Pandas.} Rd7 (31... Nc7 32. Rd6 $8 Re8 (32... Ke8 $2 33. Bc6+
$18) 33. Bc6 Be7 34. Rd7 Rc8 (34... Ne6 35. a4 $18) (34... Na8 35. Ra7 $18) 35.
Bb7 $18) 32. b6 Ke7 33. b7 Bc7 34. Ra8 Nf6 35. Rc8 $1 (35. b8=Q $4 Bxb8 36.
Rxb8 Nxd5 $14) 35... Bd6 36. Bc6 $1 Rd8 37. a4 Nd7 38. a5 Bb8 39. a6 Ne5 {[#]}
40. Rxb8 $1 Rxb8 41. Bd5 1-0

[Event "42nd Olympiad"]
[Site "Baku"]
[Date "2016.09.09"]
[Round "7.1"]
[White "Ragger, Markus"]
[Black "Maze, Sebastien"]
[Result "1-0"]
[WhiteElo "2697"]
[BlackElo "2617"]
[Annotator "John Upper"]
[PlyCount "97"]
[EventDate "2016.09.02"]
[EventType "team-swiss"]
[EventRounds "11"]
[EventCountry "AZE"]
[SourceTitle "Chess Canada 2016Olympia"]
[Source "CFC"]
[SourceDate "2016.12.01"]
[WhiteTeam "Austria"]
[BlackTeam "France"]
[WhiteTeamCountry "AUT"]
[BlackTeamCountry "FRA"]

1. d4 {Markus Raggar shows off his skills in a KID, sacing material on the
queenside for piece activity in the center before winning with a double
promotion combo.} Nf6 2. c4 g6 3. Nc3 Bg7 4. e4 d6 5. Nf3 O-O 6. Be2 e5 7. O-O
Nc6 8. d5 Ne7 9. Ne1 Nd7 10. Nd3 f5 11. f3 f4 12. Bd2 g5 13. Rc1 {[#] Raggar
is the highest-rated player to regularly go for this position as White.
Although the Bd2 is less actively placed for queenside pressure than it would
be on f2, White can play Nf2 and h3 to have 5 pieces placed to stop Black's
thematic ...g4. But, as we see in the main game and the examples embedded in
the notes, Raggar does not play this line to defend the kingside, but to
attack the queenside, often by sacrificing a pawn or a piece for two pawns.}
Ng6 (13... Rf7 {a standard KID move: defending the 7th rank and preparing ...
Bf8 and ...Rg7.} 14. c5 Nxc5 15. Nxc5 dxc5 16. Na4 b6 17. b4 $1 {A standard
KID sacrifice to accelerate White's queenside play.} cxb4 18. Bxb4 Kh8 19. Qb3
$44 {1-0 (30) Ragger,M (2687)-Savenkov,K (2325) Minsk, 2015.}) 14. c5 Nf6 (
14... dxc5 15. b4 $5 cxb4 16. Nb5 $36 {is a common KID sac for White to
accelerate queenside play.}) {[#]} 15. Nb5 (15. cxd6 cxd6 16. Nb5 Rf7 17. Qc2
Ne8 18. a4 h5 19. Nf2 {is a common line; see Ivanchuk,V (2740)-Cheparinov,I 
(2696) Sofia, 2008.}) 15... Rf7 ({In this game Raggar sacs a piece for two
passed centre pawns:} 15... a6 16. cxd6 axb5 17. dxc7 Qe8 18. Qb3 g4 19. Nc5
Nh4 20. fxg4 $16 Nxg4 $2 21. Be1 $16 (21. d6+ $142 $1 Kh8 22. Qh3 $18) 21...
Nxg2 22. Kxg2 b6 (22... Ne3+ 23. Kh1 Nxf1 24. d6+ Kh8 25. Bxf1 $18) 23. Ne6
Ne3+ 24. Kh1 Qg6 25. Rf2 $8 Re8 26. Bf3 $18 {1-0 (32) Ragger,M (2632)-Al Sayed,
M (2505) Dubai World Rapid Ch., 2014.}) 16. Ba5 b6 17. cxd6 {[#]} cxd6 (17...
bxa5 $6 18. dxc7 Qf8 19. Nc5 $1 a6 20. Ne6 $16 {with an exciting position that
is much more fun to play as White.}) 18. Be1 g4 (18... a6 19. Nc3 a5 {[#]
Analysis Diagram} 20. Bf2 (20. Nf2 Bf8 21. Nb5 h5 22. Nh3 $5 (22. h3 {looks
normal.}) 22... Ne8 23. Kh1 Rg7 24. Rc3 Bd7 25. a4 Nh8 {another typical
maneuver: rerouting the N to support ...g4.} 26. Nf2 Nf7 27. h3 Nh6 $13 {
0-1 (40) Ragger,M (2666)-Szabo,K (2545) Haguenau, 2013.}) 20... Rb8 21. a4 Bf8
22. Nb5 g4 23. Rc6 Rg7 24. Qc2 Bd7 25. fxg4 Nxg4 26. Bxg4 Bxg4 27. Ne1 Nh8 28.
Kh1 Nf7 29. h3 Bd7 30. Nf3 Ng5 31. Bh4 h6 {[#]Analysis Diagram} 32. Nxd6 Bxc6
33. Nf5 $8 Be8 {Asking White to prove it.} (33... Bxd5 $5) (33... Rc7 $11) 34.
Nxh6+ Kh8 35. Nf5 Rc8 36. Qd3 {White has only two pawns for the R, but can get
an exchange back on g5.} Rg8 37. Nxe5 Qf6 38. Nf3 (38. Bf2 $1 Bc5 39. Bd4 Bxd4
40. Ng4 $40) 38... Bd7 39. Qd2 $2 Bxf5 40. Qxf4 Bh6 41. exf5 Rcd8 $11 {0-1 (59)
Ragger,M (2698)-Grischuk,A (2774) Skopje, 2015.}) 19. fxg4 Nxe4 20. Nb4 a6 21.
Bf3 Ng3 $1 {[#]It would be easy to get boggled if you're just seeing a
position like this for the first time. For Raggar, it was the second time he
had this position OTB in 2016.} 22. Nc6 $146 (22. Nxd6 Qxd6 23. Rc6 Qf8 (23...
Qd8 24. hxg3 a5 25. Nd3 Bb7 $14) 24. hxg3 fxg3 25. d6 $1 e4 26. Be2 Rxf1+ 27.
Bxf1 Bxg4 28. Qd5+ (28. Qxg4 $4 Bd4+ $19) 28... Kh8 29. Rc7 Be6 30. Qxe4 Bf5
31. Qd5 Be4 32. Qd2 (32. Qxe4 $2 Re8 $17) 32... Be5 33. Rc4 Bb7 34. d7 Rd8 35.
Nc6 Bxc6 36. Rxc6 Qf5 37. Rc8 Rxc8 38. Qd3 $5 Qf8 39. dxc8=Q Qxc8 {½-½
Ragger,M (2689)-Nakamura,H (2787) Gibraltar, 2016.}) 22... Qf8 $11 (22... Qg5
$4 23. Nxd6 $18) 23. Nxd6 Nxf1 24. Nxf7 Ne3 25. Qb3 {[#]} Kxf7 $8 (25... Qxf7
26. Nd8 $18) 26. h4 e4 $6 {Totally reasonable -- giving up the pawn to
activate the minors -- but not necessary.} (26... Qe8 $142 $11) 27. Bxe4 Qe8
28. d6+ Be6 (28... Kf8 $4 29. d7 Bxd7 30. Bb4+ $18) 29. Qxb6 {[#]White has
three pawns for the piece, but the lack of structure and exposed Ks make this
all about tactics.} Rc8 (29... Bxa2 $2 30. Qb7+ Kg8 31. d7 Qxe4 {threatening
mate on g2} 32. Qxa8+ Bf8 (32... Kf7 33. d8=N+ $1 {and Black gets mated.}) 33.
Ne7+ $8 Qxe7 34. d8=Q $18) 30. h5 $36 (30. Qxa6 $2 Bd7 31. Qb7 Kf8 $15) 30...
Nf8 31. g5 $1 {[#]Black has three pieces controlling d7, so it's a bit
surprising that White's d-pawn will promote.} Nd7 (31... Bd7 $142 {attacking
e4 and c6 takes some pressure off h7.} 32. Qb3+ (32. Bf3 $5 $14) 32... Qe6 33.
g6+ hxg6 34. hxg6+ Ke8 $8 (34... Nxg6 $4 35. Bxg6+ Kxg6 36. Qxe6+ Bxe6 37. Ne7+
$18) 35. Bc3 $13) 32. Qb4 $16 Kf8 $2 (32... Bf5 33. Qb3+ Be6 (33... Qe6 $2 34.
g6+ $18) 34. Qd3) 33. h6 Bh8 34. Bc3 $1 {eliminating a defender of the
weakened dark squares around Black's K.} Bxc3 35. Qxc3 Qf7 36. Qd4 $18 Qg8 {[#]
} 37. Rc5 $1 {Defends g5 and prepares to consolidate with b2-b4.} (37. Rc3 $1
Qxg5 $140 38. Qh8+ Qg8 39. Ne7 $3 $18) 37... Nxc5 38. d7 $1 Qxg5 (38... Bxd7
39. Qd6+ Kf7 40. Qe7#) 39. Qh8+ $1 Kf7 (39... Qg8 40. Qf6+ Qf7 41. dxc8=Q+ Bxc8
42. Qd6+ $18) 40. Qxh7+ Kf8 41. Qh8+ Kf7 {[#]} 42. Bg6+ {Fancy.} ({White also
wins with the prosaic:} 42. Ne5+ Qxe5 43. dxc8=Q) 42... Kxg6 43. Qg7+ Kh5 44.
Qxg5+ Kxg5 45. dxc8=Q Bxc8 46. h7 {[#]} Bb7 47. Nd4 Bxg2 48. h8=Q Ne4 49. Qe5+
1-0

[Event "42nd Olympiad"]
[Site "Baku"]
[Date "2016.09.06"]
[Round "5.1"]
[White "Ivanisevic, Ivan"]
[Black "Caruana, Fabiano"]
[Result "1/2-1/2"]
[WhiteElo "2650"]
[BlackElo "2808"]
[Annotator "John Upper"]
[PlyCount "147"]
[EventDate "2016.09.02"]
[EventType "team-swiss"]
[EventRounds "11"]
[EventCountry "AZE"]
[SourceTitle "Chess Canada 2016Olympia"]
[Source "CFC"]
[SourceDate "2016.12.01"]
[WhiteTeam "Serbia"]
[BlackTeam "US of America"]
[WhiteTeamCountry "SRB"]
[BlackTeamCountry "USA"]

1. d4 e6 2. c4 Bb4+ 3. Bd2 a5 4. g3 Nc6 5. Bg2 d6 6. e3 e5 7. d5 Bxd2+ 8. Qxd2
Nb8 9. Nc3 Na6 10. Nge2 Nf6 11. h3 Nc5 12. g4 Ng8 13. Ng3 Qh4 14. O-O-O Bd7 15.
Nce4 Nxe4 16. Bxe4 g6 17. Bc2 Ne7 18. Rdg1 f5 19. f4 e4 20. Qc3 Rf8 21. Ne2 Qf6
22. Nd4 Kf7 23. g5 Qg7 24. h4 a4 25. h5 c5 26. dxc6 bxc6 27. Rd1 c5 28. Ne2 Ra6
29. Qxg7+ Kxg7 30. Nc3 Rb8 31. Rd2 Be6 32. h6+ Kf7 33. Rhd1 Nc8 34. Bxa4 Bxc4
35. Bd7 Ke7 36. Bxc8 Rxc8 37. b3 Bd3 38. Kb2 Ke6 39. Rxd3 exd3 40. Rxd3 c4 41.
Rd4 cxb3 42. axb3 Rca8 43. Rc4 Ra1 44. Rc7 R8a7 45. Rxh7 Rxh7 46. Kxa1 Rb7 47.
Kb2 Rb8 48. Kc2 Rb7 49. Nb1 Kd5 50. Nd2 Rc7+ 51. Kd3 Rb7 52. Kc3 {[#]Critical
Position What happens after 52...Rc7+ 53.Nc4?} Rc7+ 53. Nc4 Rb7 $4 (53... Ke4
$4 54. Kd2 $18 d5 (54... Rc6 55. h7 $18) 55. Nd6+ Kf3 56. Kd3 $18 (56. Nxf5 $18
)) (53... Rc8 $1 54. Kd3 Rb8 {and Black should hold the draw.}) 54. Nd2 $2 (54.
e4+ $3 $18 {wins. The point is to create two passers on th 6th:} fxe4 55. f5
gxf5 56. g6 $18) 54... Rc7+ 55. Kd3 Rc1 56. b4 Rd1 57. Ke2 Rh1 58. Nf1 Kc4 59.
Kf2 Kxb4 60. Kg2 Rh5 {[#]} 61. Nh2 $2 (61. Ng3 $1 Rh4 {and the R can't be
caught, but} 62. e4 $3 {wins again:} fxe4 63. f5 gxf5 64. Nxf5 $18) 61... Kc5
62. Nf3 Kd5 63. Kg3 Ke6 64. Nd4+ (64. Nh4 Kf7 {and the King gets back just in
time.}) 64... Kf7 65. Nb5 Ke7 66. Kg2 Rh4 67. Nc7 Kf7 68. Nd5 Rg4+ 69. Kf3 Rg1
70. Ke2 Ra1 71. Nc3 Ra5 72. Kd3 Rc5 73. Kd4 Ra5 74. Kc4 1/2-1/2

[Event "Women's Olympiad"]
[Site "Baku"]
[Date "2016.09.13"]
[Round "11.3"]
[White "Tan, Zhongyi"]
[Black "Goryachkina, Aleksandra"]
[Result "1-0"]
[WhiteElo "2475"]
[BlackElo "2475"]
[Annotator "John Upper"]
[PlyCount "101"]
[EventDate "2016.09.02"]
[EventType "team-swiss"]
[EventRounds "11"]
[EventCountry "AZE"]
[SourceTitle "Chess Canada 2016Olympia"]
[Source "CFC"]
[SourceDate "2016.12.01"]
[WhiteTeam "China (W)"]
[BlackTeam "Russia (W)"]
[WhiteTeamCountry "CHN"]
[BlackTeamCountry "RUS"]

1. Nf3 d5 2. d4 Nf6 3. c4 c6 4. Nc3 e6 5. g3 dxc4 6. Ne5 Nbd7 7. Nxc4 b5 8. Ne3
Bb7 9. Bg2 Qb6 10. O-O Be7 11. b3 O-O 12. Bb2 Rac8 13. a3 Nd5 14. b4 a5 15. Qb3
axb4 16. axb4 Ra8 17. Nc2 Nxc3 18. Bxc3 Rxa1 19. Rxa1 Bf6 20. Qb2 Re8 21. Rd1
Qa7 22. Na1 Nb6 23. Nb3 Na4 24. Qc2 Nxc3 25. Qxc3 Qb6 26. Nc5 Rd8 27. Rd3 Be7
28. e4 e5 29. dxe5 Bc8 30. Bf1 Rxd3 31. Bxd3 Qd8 32. Bc2 Bh3 33. Nd3 Qd7 34.
Nf4 Bg4 35. Bb3 g6 36. h3 Be6 37. Bxe6 fxe6 38. Kg2 Bf8 39. h4 Be7 40. Ne2 c5
41. bxc5 Qc6 42. Nd4 Qxe4+ 43. Kh2 Qxe5 44. c6 Bd6 45. Qe3 b4 {Diagram [#]
Critical Position Black has just pushed her passed pawn with ...b4. What
should White play?} 46. Nb5 $8 $18 (46. Qxe5 $2 Bxe5 47. Kg2 $1 {and White has
to play accurately to hold.}) 46... Qxb5 (46... Qxe3 47. fxe3 {Black is faster
in the pawn race, but White promotes with check:} b3 (47... Be5 48. c7 Bxc7 49.
Nxc7 Kf7 (49... b3 50. Nb5 $8 $18 {and Na3 stops the pawn.}) 50. Nb5 e5 51.
Nd6+ $1 Ke6 52. Nc4 Kd5 53. Nd2 $8 $18 {without Qxe3 and fxe3, the Black K
could now dislodge the blockading N with ...Kd4-d3.}) 48. Nxd6 b2 49. c7 b1=Q
50. c8=Q+ Kg7 51. Qc7+ $18 {Black gets mated.}) (46... Bb8 $1 {looks like it
might simply lose a tempo, but it sets up an amazing drawing idea which White
has to play very accurately to defeat.} 47. Qxe5 Bxe5 {[#] Analysis Diagram}
48. c7 $2 ({From the Analysis diagram, White wins with} 48. f4 $3 $18 {gaining
a tempo on the B and preventing Black from fencing in the horse with ...e5 as
in the variations above.}) 48... Bxc7 49. Nxc7 Kf7 50. Nb5 (50. Kg2 Ke7 51. Nb5
e5 $1 {now the N has no way back and Black threatens to win it.} 52. Kf3 Kd7
53. Ke4 Kc6 54. Na7+ Kb7 $11) 50... e5 51. Nc7 $3 b3 52. Nb5 Ke6 53. Nc3 Kd6 (
53... b2 $2 {makes it too easy,} 54. Kg2 e4 55. Kf1 Ke5 56. Ke2 Kd4 57. Nb1 $18
) 54. Kg2 Kc5 55. Kf3 Kc4 56. Ne4 $8 (56. Nb1 Kd3 $11) 56... b2 57. Ke3 $8 (57.
Nd2+ $2 Kd3 $11) 57... b1=N $5 {and White has more active pieces, but it's not
clear (to me) if it's a win. Maybe readers can find a solution?}) 47. Qxe6+ {
The Q ending is hopeless: White's passer is much further advanced and the
black K is exposed.} Kg7 48. Qxd6 Qb6 49. Kg2 b3 50. Qe7+ Kg8 51. Qb7 $1 1-0